000 00394nam a2200169Ia 4500
003 IT-RoPAU
008 120407s9999 xx 000 0 und d
040 _aIT-RoPAU
040 _cIT-RoPAU
100 _aPiero Negri
245 _aDon Gelmini incontra la musica italiana a Rock Cafè
260 _aEdizioni Paoline
300 _c cm
490 _v1
700 _aAndrea Olcese
942 _cBK
999 _c3604
_d3604